| 000 | 00341 a2200145 4500 | ||
|---|---|---|---|
| 001 | 79044 | ||
| 082 | _a620.112 URR | ||
| 090 |
_c39534 _d39534 |
||
| 100 | _aUrry, S A | ||
| 245 |
_aSolution of prob in strength of materials _hEnglish |
||
| 250 | _a1 | ||
| 260 |
_bMc Graw Hill _c1971 |
||
| 500 | _aGeneral Books | ||
| 505 | _aAHQ Books | ||
| 942 |
_aNUST-CAE _k620.112 URR |
||
| 999 |
_c314117 _d314117 |
||